000 00900nam a2200301 a 4500
001 58058
003 BD-RjUL
005 20211209080601.0
008 161215s1988 enka b 001 0 eng
020 _a0256061734
035 _a(BD-RjUL)58182
040 _aDLC
_cDLC
_dBD-RjUL
_beng
041 _aeng
082 0 0 _a330
_223
_bSHE 1988
100 1 _aSharp, Ansel Miree,
_96353
245 1 0 _aEconomics of social issues /
_cRichard H. Leftwich, Ansel M. Sharp. ;Charles A Register
250 _a8th ed.
260 _aPlano, Tex. :
_bBusiness Publications,
_cc1988
300 _axi, 431 p. :
_bill. ;
_c24 cm.
504 _aIncludes bibliographies and index.
526 _bSOCIOLOGY
650 0 _aEconomics.
_96354
650 0 _aSocial problems.
_96355
700 1 _aLeftwich, Richard H.
_9171222
700 1 _a Register, Charles A
_9172435
942 _2ddc
_cBK
999 _c58058
_d58058